000 00483nam a2200205Ia 4500
005 20250425162513.0
008 250425s9999 xx 000 0 und d
020 _a9780137035151
041 _aeng
082 _a005.1
100 _aSOMMERVILLE, IAN
245 0 _aSOFTWARE ENGINEERING
250 _a9TH ED.
260 _aBOSTON
260 _aEstados Unidos
_bADDISON - WESLEY
_c2011
300 _a773
650 _aINGENIERIA DE SOFTWARE
942 _c01
010 _a78941
999 _c230553
_d230553